00253nam a2200085Ia 450000100070000000500170000700800410002424500820006526000200014765042220250826154359.0250824s9999 xx 000 0 und d 0aİSLAM ÖNCESİ MEKKE DÖNEMİ VE HZ MUHAMMEDcİHSAN SÜREYYA SIRMA bBEYAN YAYINLARI